01102nam a2200205Ia 4500952009600000999001700096008004100113020001500154050002100169100003600190245018100226260004400407300003200451500003700483500012700520505015100647519004700798650004400845942000700889 00104070a11b11d2007-01-08l0oHD625 N44 2006p11 001283r2012-06-26t1w2012-06-26yLB c69112d69112120626s2006 mx d 000 0 spa d a9709432907 aHD625 bN44 2006 aNieto Fernández, Liliaeautor aSobrevivencia infantil bEstudio etnográfico sobre estilos de sobrevivencia de menores en calle de comunidades marginadas de Cuautitlán, Mexico c/ Lilia, Nieto Fernández aMéxico b: Ediciones de Lirioc, 2006 a200 páginasb: gráficos a"Programa de la calle a la vida" aIncluye: Contenido, Reconocimientos, Introducción, Presentación, Conclusiones, Bibliografía, Colaboradores del libro aJustificación Diagnóstico Municipal Modelos de intervención social Planteamiento teórico Metodología Síntesis informativa  aMaterial Complementario/ d(11 001283)  0aNIÑOSxCONDICIONES SOCIALESzMÉXICO cLB